000 00516nam a2200181 4500
001 13296
005 20230411085615.0
008 060907n2002 dr spa
035 _9funglode13411
041 _aFR
050 1 4 _aTR 267 K53d 2002
100 _aKing, Julie Adair
245 1 _aDecouvrir le PC et photo numérique pour les nuls /
_cJulie Adair King, Dan Gookin
260 _aParis :
_bEditions First Interactive,
_c2002
300 _avii, 111 p.
700 _aGookin, Dan
942 _2lcc
_cbk
999 _c104579
_d104579